000 02076cam a22005298i 4500
001 on1112374021
003 OCoLC
005 20200320222652.0
008 190730s2019 nyua j 000 f eng d
015 _aGBB9D3545
_2bnb
016 7 _a019494356
_2Uk
020 _a9780593113257
020 _a059311325X
029 0 _aUKMGB
_b019494356
035 _a(OCoLC)1112374021
040 _aUKMGB
_beng
_erda
_cUKMGB
_dOCLCO
_dBDX
_dOCLCF
_dVAX
_dUAP
_dWACOL
049 _aWACL
050 1 4 _aPS3607.L4375
_bAl 2019
082 0 4 _a823.92
_223
092 _aChildrens
_bCar
100 1 _aGledhill, Carly,
_eartist.
_96015834
245 1 0 _aAlice's adventures in Wonderland /
_cbased on the book by Lewis Carroll ; illustrations by Carly Gledhill.
264 1 _aNew York :
_bPenguin Books,
_c[2019]
300 _a1 volume (unpaged) :
_bcolor illustrations ;
_c18 cm.
336 _atext
336 _astill image
337 _aunmediated
338 _avolume
490 0 _aPenguin bedtime classics
500 _aOn board pages.
500 _aCover title.
520 _aFollow Alice down the rabbit hole into a topsy-turvy world called Wonderland.
521 _aChildren
_bPenworthy
600 0 0 _aAlice
_c(Fictitious character from Carroll)
_vPictorial works
_vJuvenile fiction.
_96015835
650 0 _aImaginary places
_vJuvenile fiction.
_95688640
650 0 _aBoard books
_vSpecimens.
_96015836
600 0 7 _aAlice
_c(Fictitious character from Carroll)
_2fast
_0(OCoLC)fst00805040
_96015837
655 0 _aBoard books.
_96015838
655 7 _aBoard books.
_2fast
_0(OCoLC)fst01726782
_96015838
655 7 _aChildren's stories
_vPictorial works.
_2gsafd
_95677077
700 1 _iAdaptation of (work) :
_aCarroll, Lewis,
_d1832-1898.
_tAlice's adventures in Wonderland.
_98853
938 _aBrodart
_bBROD
_n124010164
942 _cBOOK
_03
948 _a11/27/2019
_zSirsi
994 _aC0
_bWACOL
996 _a172466
_b34301001650904
_cEBB
_dbbk
_ewcl
_fo
_g3
_h7.99
_lPenworthy
_mCar
_p11/27/2019
_q03/06/2020
_r03/10/2020
999 _c323089
_d323088